<?xml version="1.0" encoding="UTF-8"?>
<collection xmlns="http://www.loc.gov/MARC21/slim">
  <record>
    <leader>00000nam  2200000   4500</leader>
    <controlfield tag="001">INLIS000000000018992</controlfield>
    <controlfield tag="005">20250122023213</controlfield>
    <datafield tag="035" ind1="#" ind2="#">
      <subfield code="a">0010-0125000136</subfield>
    </datafield>
    <controlfield tag="007">ta</controlfield>
    <controlfield tag="008">250122################g##########0#ind##</controlfield>
    <datafield tag="020" ind1="#" ind2="#">
      <subfield code="a">978-602-422-454-7</subfield>
    </datafield>
    <datafield tag="082" ind1="#" ind2="#">
      <subfield code="a">306.3598</subfield>
    </datafield>
    <datafield tag="084" ind1="#" ind2="#">
      <subfield code="a">306.3598 AMR a</subfield>
    </datafield>
    <datafield tag="100" ind1=" " ind2="#">
      <subfield code="a">Amri Marzali</subfield>
    </datafield>
    <datafield tag="245" ind1="1" ind2="#">
      <subfield code="a">Antropologi dan Pembangunan Indonesia (Edisi Pertama) /</subfield>
      <subfield code="c">Amri Marzali</subfield>
    </datafield>
    <datafield tag="260" ind1="#" ind2="#">
      <subfield code="a">Jakarta :</subfield>
      <subfield code="b">Kencana,</subfield>
      <subfield code="c">2017</subfield>
    </datafield>
    <datafield tag="300" ind1="#" ind2="#">
      <subfield code="a">xiv, 256 hlm. :</subfield>
      <subfield code="b">ill. ;</subfield>
      <subfield code="c">3.7 MB</subfield>
    </datafield>
    <datafield tag="650" ind1="#" ind2="4">
      <subfield code="a">Antropologi</subfield>
    </datafield>
    <datafield tag="650" ind1="#" ind2="4">
      <subfield code="a">Pembangunan Indonesia</subfield>
    </datafield>
    <datafield tag="520" ind1="#" ind2="#">
      <subfield code="a">Semenjak antropologi pembangunan di Tanah Air diperkenalkan oleh Prof. Koentjaraningrat pada pertengahan 1970-an, jarang ada buku yang secara khusus membicarakan mata kuliah ini. Untuk mengisi kekosongan literaturninilah, buku “Antropologi dan Pembangunan Indonesia” ini hadir di hadapan anda.&#13;
&#13;
Selain membicarakan dimensi sosial-kultural dan aspek mentalitas manusia dalam pembangunan, buku ini mengupas pertanyaan yang utama dan mendasar dalam Ilmu Antropologi pembangunan: bagaimana peran antropologi dalam pembangunan; bagaimana kedudukan kultur dalam pembangunan; dan apakah kultur itu berperan sebagai penghambat ataukah pendorong pembangunan.</subfield>
    </datafield>
    <datafield tag="856" ind1="#" ind2="#">
      <subfield code="a">https://web-ipustakalan.moco.co.id/book/1b596dee-6653-491c-9b83-88b82dbbd39d</subfield>
    </datafield>
    <datafield tag="990" ind1="#" ind2="#">
      <subfield code="a">2024/4/A/0041</subfield>
    </datafield>
    <datafield tag="990" ind1="#" ind2="#">
      <subfield code="a">2024/4/A/0042</subfield>
    </datafield>
  </record>
</collection>
